[Event "20. Abierto Ciudad de Jaén"]
[Site "Jaén ESP"]
[Date "2010.01.31"]
[Round "3.6"]
[White "Strikovic, Aleksa"]
[Black "Barria Zuñiga, Daniel"]
[Result "1-0"]
[WhiteElo "2531"]
[BlackElo "2430"]
[PlyCount "77"]
[EventDate "2010.01.31"]
[EventType "swiss (rapid)"]
[EventCountry "ESP"]
[Source "lmi"]
[SourceDate "2010.01.31"]

1. e4 c6 2. Nc3 d5 3. Nf3 Bg4 4. h3 Bh5 5. exd5 cxd5 6. g4 Bg6 7. Bb5+ Nc6 8.
Ne5 Rc8 9. h4 f6 10. h5 Bxc2 11. Qxc2 fxe5 12. Qf5 a6 13. Bxc6+ bxc6 14. Qxe5
Qd7 15. Qe2 e6 16. d4 Bb4 17. Bd2 Nf6 18. f3 O-O 19. O-O c5 20. dxc5 d4 21. Ne4
Nxe4 22. Bxb4 Ng3 23. Qxa6 Nxf1 24. Rxf1 Qd5 25. Qd3 Rf7 26. Qe4 Qxa2 27. Qxd4
Qa8 28. Bc3 Rd8 29. Qe3 Qd5 30. Kg2 h6 31. Rf2 Rdf8 32. Be5 Rb7 33. Rd2 Qc4 34.
Bd6 Rf6 35. Qe4 Qb3 36. c6 Rbf7 37. c7 Rxf3 38. c8=Q+ Rf8 39. Qcxe6+ 1-0

[Event "20. Abierto Ciudad de Jaén"]
[Site "Jaén ESP"]
[Date "2010.01.31"]
[Round "3.7"]
[White "Razmyslov, Alexander"]
[Black "Ubilava, Elizbar"]
[Result "1-0"]
[WhiteElo "2429"]
[BlackElo "2526"]
[PlyCount "100"]
[EventDate "2010.01.31"]
[EventType "swiss (rapid)"]
[EventCountry "ESP"]
[Source "lmi"]
[SourceDate "2010.01.31"]

1. Nf3 Nf6 2. g3 d5 3. Bg2 c5 4. O-O Nc6 5. d4 e6 6. c4 dxc4 7. Qa4 Bd7 8. dxc5
Bxc5 9. Qxc4 Be7 10. Nc3 O-O 11. Bf4 Na5 12. Qd4 Qb6 13. Qxb6 axb6 14. Ne5 Bc6
15. Rfd1 Rfc8 16. Nxc6 bxc6 17. Rac1 Nb7 18. a3 h6 19. g4 Na5 20. h3 Nb3 21.
Rc2 Nd5 22. Bg3 Bf6 23. Ne4 Be7 24. Nd6 Rd8 25. Nc4 Bc5 26. e3 f6 27. Rd3 b5
28. Rxb3 bxc4 29. Rxc4 Bd6 30. Kh2 Bxg3+ 31. Kxg3 Rab8 32. Rxb8 Rxb8 33. Rxc6
Rxb2 34. Rxe6 Nc3 35. Bf3 Ra2 36. Re8+ Kf7 37. Ra8 Ke6 38. h4 Ra1 39. h5 Ra2
40. Ra7 Ra1 41. Rxg7 Rxa3 42. Rg6 Nb1 43. Rxh6 Ra5 44. Rh8 Nd2 45. Bg2 Kf7 46.
Rd8 Nb1 47. Be4 Nc3 48. Bg6+ Ke7 49. Re8+ Kd6 50. h6 Ra8 1-0

[Event "20. Abierto Ciudad de Jaén"]
[Site "Jaén ESP"]
[Date "2010.01.31"]
[Round "3.8"]
[White "Cifuentes Parada, Roberto"]
[Black "Djuric, Stefan"]
[Result "1-0"]
[WhiteElo "2525"]
[BlackElo "2414"]
[PlyCount "74"]
[EventDate "2010.01.31"]
[EventType "swiss (rapid)"]
[EventCountry "ESP"]
[Source "lmi"]
[SourceDate "2010.01.31"]

1. Nf3 Nf6 2. c4 g6 3. Nc3 d5 4. cxd5 Nxd5 5. Qa4+ Bd7 6. Qh4 Nf6 7. e4 Nc6 8.
Bc4 Bg7 9. e5 Nh5 10. d4 Nb4 11. O-O h6 12. a3 Nc2 13. e6 Bxe6 14. Bxe6 Nxa1
15. Ba2 e5 16. Qe4 Nf6 17. Qxe5+ Qe7 18. Bf4 Nc2 19. Qb5+ c6 20. Qa4 Nxd4 21.
Qxd4 Nh5 22. Be5 Bxe5 23. Nxe5 Rd8 24. Bxf7+ Kf8 25. Nd5 Qg5 26. f4 Qf6 27.
Qb4+ Qd6 28. Bxg6 cxd5 29. Qxb7 Qe7 30. Qxe7+ Kxe7 31. Bxh5 Rc8 32. Ng6+ Kf6
33. Nxh8 Rxh8 34. Rd1 Rd8 35. Rd4 a5 36. Bf3 a4 37. Kf2 Ra8 1-0

[Event "20. Abierto Ciudad de Jaén"]
[Site "Jaén ESP"]
[Date "2010.01.31"]
[Round "3.9"]
[White "Roa Alonso, Santiago"]
[Black "Ibarra Jerez, Jose Carlos"]
[Result "0-1"]
[WhiteElo "2422"]
[BlackElo "2520"]
[PlyCount "57"]
[EventDate "2010.01.31"]
[EventType "swiss (rapid)"]
[EventCountry "ESP"]
[Source "lmi"]
[SourceDate "2010.01.31"]

1. Nf3 d5 2. d4 Nf6 3. c4 e6 4. Nc3 c6 5. cxd5 exd5 6. Bg5 Be7 7. Qc2 O-O 8. e3
Ne4 9. Bxe7 Qxe7 10. Nxe4 dxe4 11. Nd2 f5 12. Qc5 Qxc5 13. dxc5 Be6 14. Bc4 Kf7
15. g4 g6 16. gxf5 gxf5 17. Rd1 Rd8 18. b4 a5 19. Rb1 axb4 20. Rxb4 Bxc4 21.
Nxc4 Rxa2 22. O-O Ke6 23. Rxb7 Rc2 24. Nb6 Nd7 25. Kh1 Nxc5 26. Rxh7 Nd3 27.
Rh6+ Ke5 28. Kg2 Ra8 29. Rh1 0-1

[Event "20. Abierto Ciudad de Jaén"]
[Site "Jaén ESP"]
[Date "2010.01.31"]
[Round "4.1"]
[White "Spraggett, Kevin"]
[Black "Pozo Vera, Sandro"]
[Result "1-0"]
[WhiteElo "2586"]
[BlackElo "2436"]
[PlyCount "111"]
[EventDate "2010.01.31"]
[EventType "swiss (rapid)"]
[EventCountry "ESP"]
[Source "lmi"]
[SourceDate "2010.01.31"]

1. c4 e5 2. Nc3 Nc6 3. g3 Bc5 4. e3 d6 5. Bg2 a6 6. Nge2 Nge7 7. a3 Ba7 8. d3
Bf5 9. Nd5 Nxd5 10. cxd5 Ne7 11. d4 exd4 12. Nxd4 Bd7 13. b3 O-O 14. Bb2 c6 15.
dxc6 bxc6 16. O-O Rb8 17. Rb1 c5 18. Ne2 Be6 19. Bc3 d5 20. b4 Bg4 21. h3 Bf5
22. Rc1 c4 23. Nf4 Be6 24. Rc2 Qd7 25. Rd2 Rbd8 26. Kh2 Bb8 27. Nxd5 Nxd5 28.
Bxd5 Bxd5 29. e4 Qb5 30. Rxd5 Rxd5 31. Qxd5 Re8 32. Rd1 Qxd5 33. Rxd5 f6 34.
Kg2 Kf7 35. Kf3 Rc8 36. g4 Be5 37. Bxe5 fxe5 38. Ke2 c3 39. Rc5 Rd8 40. Rxc3
Rd4 41. f3 Kf6 42. h4 Rd6 43. Rc5 Ke6 44. Ke3 Kf6 45. f4 exf4+ 46. Kxf4 Ke6 47.
h5 h6 48. a4 Rd4 49. Rc6+ Kf7 50. b5 a5 51. Rc7+ Kf6 52. Rc6+ Kf7 53. Kf5 Rxa4
54. Rc7+ Kg8 55. Kg6 Kf8 56. b6 1-0

[Event "20. Abierto Ciudad de Jaén"]
[Site "Jaén ESP"]
[Date "2010.01.31"]
[Round "4.2"]
[White "Vazquez Igarza, Renier"]
[Black "Razmyslov, Alexander"]
[Result "1-0"]
[WhiteElo "2560"]
[BlackElo "2429"]
[PlyCount "98"]
[EventDate "2010.01.31"]
[EventType "swiss (rapid)"]
[EventCountry "ESP"]
[Source "lmi"]
[SourceDate "2010.01.31"]

1. d4 Nf6 2. c4 c6 3. Nc3 d5 4. Nf3 e6 5. Bg5 dxc4 6. e4 h6 7. Bxf6 Qxf6 8.
Bxc4 b5 9. Bd3 Nd7 10. O-O e5 11. d5 a6 12. dxc6 Qxc6 13. a4 b4 14. Nd5 Bd6 15.
Qe2 Qb7 16. Rfd1 Nb6 17. Nxb6 Qxb6 18. a5 Qb8 19. Bc4 O-O 20. Nh4 Re8 21. Rd3
Be6 22. Bxe6 Rxe6 23. Nf5 Bf8 24. Rd5 Qc7 25. g3 Rc6 26. Rad1 b3 27. Qf3 Rc2
28. Rd7 Qc4 29. Ne3 Qe6 30. R7d2 Rc5 31. Nd5 Rb8 32. Rd3 Qg6 33. Re1 Rcb5 34.
h4 h5 35. Kg2 R8b7 36. Rc1 Rxa5 37. Rc8 Ra4 38. Rdc3 Qxe4 39. Rd3 Ra5 40. Rdc3
Ra4 41. Rxb3 Rxb3 42. Rc1 Bc5 43. Rc3 Rc4 44. Rd3 Kh7 45. Ne3 Kg8 46. Nf5 Bd4
47. Ne3 Bxe3 48. Rd8+ Kh7 49. Rd1 Kg8 1-0

[Event "20. Abierto Ciudad de Jaén"]
[Site "Jaén ESP"]
[Date "2010.01.31"]
[Round "4.3"]
[White "Paunovic, Dragan"]
[Black "Dolezal, Cristian"]
[Result "1/2-1/2"]
[WhiteElo "2551"]
[BlackElo "2405"]
[PlyCount "167"]
[EventDate "2010.01.31"]
[EventType "swiss (rapid)"]
[EventCountry "ESP"]
[Source "lmi"]
[SourceDate "2010.01.31"]

1. Nf3 g6 2. g3 Bg7 3. d4 d5 4. Bg2 Nh6 5. c4 dxc4 6. Qa4+ c6 7. Bxh6 b5 8. Qc2
Bxh6 9. a4 Bb7 10. Nc3 a6 11. h4 Nd7 12. Ne4 Qa5+ 13. Kf1 O-O-O 14. Bh3 f5 15.
Neg5 Bxg5 16. Nxg5 c5 17. Bg2 cxd4 18. Nf7 e5 19. Nxh8 Rxh8 20. h5 Rd8 21. Qc1
e4 22. axb5 Qxb5 23. hxg6 hxg6 24. Rh7 Ne5 25. Qd2 Rd7 26. Rh8+ Kc7 27. Kg1 Kb6
28. e3 Nc6 29. Rh6 Rd6 30. exd4 Nxd4 31. Rxg6 Rxg6 32. Qxd4+ Qc5 33. Qxc5+ Kxc5
34. Ra5+ Kb4 35. Rxf5 Kb3 36. Bf1 Rc6 37. Rf7 Bc8 38. Bg2 Kxb2 39. Bxe4 c3 40.
g4 Rc4 41. Bd3 c2 42. Bxc2 Kxc2 43. g5 a5 44. f4 a4 45. g6 Be6 46. Re7 Bd5 47.
Rd7 Rxf4 48. Rxd5 Rg4+ 49. Kf2 Rxg6 50. Ra5 Kb3 51. Rb5+ Ka2 52. Ke2 Rd6 53.
Ke3 a3 54. Ke2 Ka1 55. Rb3 Ka2 56. Rb8 Rd4 57. Rb7 Rh4 58. Kd2 Rh2+ 59. Kc1 Rb2
60. Ra7 Rb3 61. Kc2 Rb2+ 62. Kc1 Rb6 63. Rc7 Rb5 64. Kc2 Rb2+ 65. Kc1 Rb1+ 66.
Kc2 Rh1 67. Rb7 Rh4 68. Rb8 Rc4+ 69. Kd2 Rc6 70. Rb7 Ka1 71. Rb3 Ka2 72. Rb8
Rc7 73. Rb6 Rh7 74. Rb8 Rh1 75. Kc2 Rh2+ 76. Kc1 Rb2 77. Ra8 Rb4 78. Rc8 Ka1
79. Rc3 Ka2 80. Rc8 Kb3 81. Kb1 Rb6 82. Rh8 Rc6 83. Rh3+ Rc3 84. Rh1 1/2-1/2

[Event "20. Abierto Ciudad de Jaén"]
[Site "Jaén ESP"]
[Date "2010.01.31"]
[Round "4.4"]
[White "Ibarra Jerez, Jose Carlos"]
[Black "Strikovic, Aleksa"]
[Result "1/2-1/2"]
[WhiteElo "2520"]
[BlackElo "2531"]
[PlyCount "92"]
[EventDate "2010.01.31"]
[EventType "swiss (rapid)"]
[EventCountry "ESP"]
[Source "lmi"]
[SourceDate "2010.01.31"]

1. e4 d6 2. d4 Nf6 3. Nc3 e5 4. Nf3 Nbd7 5. Bc4 Be7 6. a4 O-O 7. O-O c6 8. Re1
b6 9. b3 a6 10. Bb2 Rb8 11. Bd3 Re8 12. Ne2 Bf8 13. Ng3 g6 14. h3 Bb7 15. Qd2
Bg7 16. Rad1 Qc7 17. c3 b5 18. axb5 axb5 19. Bc2 Ra8 20. Ra1 c5 21. dxe5 dxe5
22. Rxa8 Rxa8 23. c4 bxc4 24. bxc4 Bc6 25. Ra1 Rxa1+ 26. Bxa1 Ne8 27. Bc3 Nd6
28. Bd3 f6 29. Nh2 Nf8 30. Ng4 Ne6 31. Ne3 Nd4 32. Qa2 Qb7 33. Qa5 Bf8 34. Ng4
Kg7 35. f3 Be7 36. Kh2 h5 37. Ne3 Ne6 38. Qa2 h4 39. Ne2 Nd4 40. Be1 Nxe2 41.
Qxe2 g5 42. Qa2 Qb6 43. Bc3 Bd8 44. Qa3 Bc7 45. Kg1 Kf7 46. Kf2 Bb8 1/2-1/2

[Event "20. Abierto Ciudad de Jaén"]
[Site "Jaén ESP"]
[Date "2010.01.31"]
[Round "4.5"]
[White "Kovacevic, Slobodan"]
[Black "Cifuentes Parada, Roberto"]
[Result "1-0"]
[WhiteElo "2379"]
[BlackElo "2525"]
[PlyCount "163"]
[EventDate "2010.01.31"]
[EventType "swiss (rapid)"]
[EventCountry "ESP"]
[Source "lmi"]
[SourceDate "2010.01.31"]

1. d4 Nf6 2. Nf3 c5 3. e3 e6 4. Nbd2 b6 5. c3 Bb7 6. Bd3 Nc6 7. O-O Qc7 8. Qe2
d5 9. a3 Bd6 10. b4 e5 11. b5 Ne7 12. dxe5 Bxe5 13. Nxe5 Qxe5 14. Nf3 Qh5 15.
a4 O-O 16. Bb2 Rfe8 17. a5 Rad8 18. axb6 axb6 19. Ra7 Bc8 20. Nd2 Bg4 21. f3
Bc8 22. Re1 Ng6 23. Qf2 Ne5 24. Bf1 Qg6 25. c4 Qc2 26. Bxe5 Rxe5 27. cxd5 Nxd5
28. Nc4 Qxf2+ 29. Kxf2 Ree8 30. Rd1 f5 31. Ra8 Nc7 32. Rxd8 Rxd8 33. Rb8 Nxb5
34. Nxb6 Nd6 35. Ba6 c4 36. Bxc8 Kf8 37. Ba6 Rxb8 38. Nd7+ Ke7 39. Nxb8 Ke6 40.
Nc6 Kd5 41. Nd4 Kc5 42. Ke2 Kb6 43. Nxf5 Nxf5 44. Bxc4 Nd6 45. Bd3 h6 46. e4
Kc7 47. Ke3 Kd7 48. e5 Nb7 49. f4 Nc5 50. Bc4 Ke7 51. g4 Nd7 52. Kd4 Nb6 53. h4
Nd7 54. Bb5 Nf8 55. f5 Nh7 56. Ke4 Nf8 57. Kf4 Nh7 58. Ba4 Kf7 59. Bb3+ Ke7 60.
Ba2 Nf8 61. g5 hxg5+ 62. Kxg5 Nd7 63. Kf4 Nc5 64. Bc4 Nd7 65. h5 Kf8 66. Bb5
Nb6 67. Kg5 Nd5 68. Bc4 Nb6 69. Be6 Na4 70. f6 Nc5 71. Bd5 Nd7 72. Kf5 Nb6 73.
Be6 Na4 74. Kg6 gxf6 75. exf6 Nc5 76. Bd5 Nd3 77. Kf5 Nb4 78. Bc4 Nc6 79. h6
Nd4+ 80. Kg6 Nc6 81. h7 Nb8 82. Bf1 1-0

[Event "20. Abierto Ciudad de Jaén"]
[Site "Jaén ESP"]
[Date "2010.01.31"]
[Round "4.6"]
[White "Rivas Pastor, Manuel"]
[Black "Abreu Delgado, Aryam"]
[Result "1-0"]
[WhiteElo "2531"]
[BlackElo "2484"]
[PlyCount "76"]
[EventDate "2010.01.31"]
[EventType "swiss (rapid)"]
[EventCountry "ESP"]
[Source "lmi"]
[SourceDate "2010.01.31"]

1. e4 c5 2. Nf3 d6 3. Bb5+ Bd7 4. c4 Nc6 5. Nc3 g6 6. d4 cxd4 7. Nxd4 Bg7 8.
Be3 Nf6 9. f3 O-O 10. Qd2 Ne5 11. b3 e6 12. O-O a6 13. Bxd7 Qxd7 14. Rfd1 Qc7
15. Rac1 Rfe8 16. h3 Bf8 17. Kh1 Rac8 18. Bh6 Be7 19. f4 Ned7 20. f5 Bf8 21.
fxe6 fxe6 22. Bxf8 Nxf8 23. Nf3 Rcd8 24. Qg5 Nh5 25. e5 dxe5 26. Ne4 Kg7 27.
Nd6 Re7 28. Qxe5+ Kg8 29. c5 Nd7 30. Qg5 Nxc5 31. Rxc5 Rxd6 32. Rdc1 Rc6 33.
Rxc6 bxc6 34. Ne5 c5 35. b4 c4 36. Rxc4 Qd6 37. Rc1 Rc7 38. Ra1 Qd8 1-0

[Event "20. Abierto Ciudad de Jaén"]
[Site "Jaén ESP"]
[Date "2010.01.31"]
[Round "4.7"]
[White "Claverie, Raul"]
[Black "Gongora Reyes, Maikel"]
[Result "1/2-1/2"]
[WhiteElo "2384"]
[BlackElo "2470"]
[PlyCount "100"]
[EventDate "2010.01.31"]
[EventType "swiss (rapid)"]
[EventCountry "ESP"]
[Source "lmi"]
[SourceDate "2010.01.31"]

1. e4 e5 2. Nf3 Nc6 3. Bc4 Nf6 4. d3 Bc5 5. Nc3 d6 6. Bg5 Be6 7. Nd5 Bxd5 8.
Bxd5 h6 9. Bxc6+ bxc6 10. Bd2 O-O 11. O-O Bb6 12. a4 a6 13. b3 Nd7 14. Qe2 Nc5
15. Be3 Ne6 16. Rad1 Qf6 17. g3 Kh7 18. Nh4 g6 19. Qd2 Bxe3 20. fxe3 Qe7 21.
Qg2 Ng5 22. Nf3 Nxf3+ 23. Rxf3 f6 24. Rdf1 Rf7 25. Qd2 c5 26. Qa5 Kg7 27. Qd2
h5 28. Qg2 Qe6 29. h3 Rh8 30. Kh2 c6 31. R3f2 d5 32. exd5 cxd5 33. e4 d4 34.
Rf3 Rhf8 35. Qd2 Qb6 36. Kg2 Qb4 37. R3f2 Qxd2 38. Rxd2 f5 39. Rdf2 fxe4 40.
Rxf7+ Rxf7 41. Rxf7+ Kxf7 42. dxe4 Ke6 43. Kf3 Kd6 44. Ke2 c4 45. b4 g5 46. g4
h4 47. Kd2 Kc6 48. c3 d3 49. Kd1 Kb6 50. Ke1 a5 1/2-1/2

[Event "20. Abierto Ciudad de Jaén"]
[Site "Jaén ESP"]
[Date "2010.01.31"]
[Round "4.8"]
[White "Krasenkow, Michal"]
[Black "Perez Mitjans, Orelvis"]
[Result "1-0"]
[WhiteElo "2656"]
[BlackElo "2387"]
[PlyCount "29"]
[EventDate "2010.01.31"]
[EventType "swiss (rapid)"]
[EventCountry "ESP"]
[Source "lmi"]
[SourceDate "2010.01.31"]

1. d4 d5 2. Nf3 Nc6 3. g3 Bf5 4. Bg2 Qd7 5. c4 dxc4 6. Nc3 O-O-O 7. O-O e6 8.
Qa4 Kb8 9. Rd1 Nf6 10. Ne5 Nxe5 11. dxe5 Nd5 12. Qxd7 Rxd7 13. e4 Nxc3 14. Rxd7
Kc8 15. bxc3 1-0

[Event "20. Abierto Ciudad de Jaén"]
[Site "Jaén ESP"]
[Date "2010.01.31"]
[Round "5.1"]
[White "Spraggett, Kevin"]
[Black "Vazquez Igarza, Renier"]
[Result "1/2-1/2"]
[WhiteElo "2586"]
[BlackElo "2560"]
[PlyCount "83"]
[EventDate "2010.01.31"]
[EventType "swiss (rapid)"]
[EventCountry "ESP"]
[Source "lmi"]
[SourceDate "2010.01.31"]

1. c4 e6 2. Nf3 d5 3. d4 Nf6 4. Nc3 Be7 5. Bf4 O-O 6. e3 c5 7. dxc5 Bxc5 8. Be2
Nc6 9. cxd5 Nxd5 10. Nxd5 exd5 11. O-O Bb6 12. Bg5 Qd6 13. Qc2 h6 14. Bh4 Be6
15. Rad1 Rac8 16. Qa4 Rfe8 17. a3 Bf5 18. Bg3 Qd7 19. Rd2 Be4 20. Rfd1 Qe6 21.
b4 a6 22. b5 axb5 23. Qxb5 Ba5 24. Ra2 Bc3 25. h3 d4 26. Bc4 Qf6 27. Nxd4 Bxd4
28. exd4 Nxd4 29. Qb4 Nf3+ 30. Kh1 Nh4 31. Bxh4 Qxh4 32. Kg1 Qg5 33. Bf1 Bc6
34. Rad2 Ra8 35. Rd3 Re4 36. Qb2 Rae8 37. Rg3 Qe5 38. Qxe5 R4xe5 39. Rc3 Re1
40. Rcc1 Rxd1 41. Rxd1 Ra8 42. Ra1 1/2-1/2

[Event "20. Abierto Ciudad de Jaén"]
[Site "Jaén ESP"]
[Date "2010.01.31"]
[Round "5.2"]
[White "Paunovic, Dragan"]
[Black "Kovacevic, Slobodan"]
[Result "1/2-1/2"]
[WhiteElo "2551"]
[BlackElo "2379"]
[PlyCount "46"]
[EventDate "2010.01.31"]
[EventType "swiss (rapid)"]
[EventCountry "ESP"]
[Source "lmi"]
[SourceDate "2010.01.31"]

1. e4 c5 2. Nf3 e6 3. d4 cxd4 4. Nxd4 a6 5. Bd3 Nf6 6. O-O d6 7. c4 Be7 8. Nc3
O-O 9. Qe2 Re8 10. b3 Qc7 11. Bb2 Nbd7 12. Rac1 b6 13. Kh1 Bb7 14. f4 g6 15.
Nf3 Rad8 16. Rce1 Nh5 17. Qd2 Bf8 18. Ng5 Bg7 19. Nd1 Bxb2 20. Qxb2 Nc5 21. Bb1
Qe7 22. Qd2 Nf6 23. b4 h6 1/2-1/2

[Event "20. Abierto Ciudad de Jaén"]
[Site "Jaén ESP"]
[Date "2010.01.31"]
[Round "5.3"]
[White "Strikovic, Aleksa"]
[Black "Rivas Pastor, Manuel"]
[Result "0-1"]
[WhiteElo "2531"]
[BlackElo "2531"]
[PlyCount "44"]
[EventDate "2010.01.31"]
[EventType "swiss (rapid)"]
[EventCountry "ESP"]
[Source "lmi"]
[SourceDate "2010.01.31"]

1. e4 e6 2. d3 c5 3. f4 Nc6 4. Nf3 g6 5. g3 Bg7 6. Bg2 Nge7 7. O-O O-O 8. c3 b6
9. d4 d5 10. e5 Nf5 11. g4 Nh4 12. Nxh4 Qxh4 13. Be3 cxd4 14. Bf2 Qe7 15. c4
Bb7 16. cxd5 exd5 17. g5 Rac8 18. a3 Nd8 19. Bxd4 Ne6 20. Nc3 Rc4 21. Ne2 Nxd4
22. Nxd4 Ra8 0-1

[Event "20. Abierto Ciudad de Jaén"]
[Site "Jaén ESP"]
[Date "2010.01.31"]
[Round "5.4"]
[White "Dolezal, Cristian"]
[Black "Ibarra Jerez, Jose Carlos"]
[Result "1/2-1/2"]
[WhiteElo "2405"]
[BlackElo "2520"]
[PlyCount "46"]
[EventDate "2010.01.31"]
[EventType "swiss (rapid)"]
[EventCountry "ESP"]
[Source "lmi"]
[SourceDate "2010.01.31"]

1. e4 c5 2. d3 e6 3. g3 Nc6 4. Bg2 d5 5. Nd2 g6 6. f4 Bg7 7. Nh3 Nge7 8. O-O
O-O 9. Nf2 dxe4 10. dxe4 e5 11. c3 Be6 12. Nf3 Qc7 13. Qc2 Rad8 14. Be3 Ra8 15.
Bc1 exf4 16. gxf4 f5 17. Ng5 Bc4 18. Rd1 h6 19. Nf3 Be6 20. Rf1 Ne5 21. Ng5
N5c6 22. b3 Bc8 23. Qd1 Nb8 1/2-1/2

[Event "20. Abierto Ciudad de Jaén"]
[Site "Jaén ESP"]
[Date "2010.01.31"]
[Round "5.5"]
[White "Gongora Reyes, Maikel"]
[Black "Krasenkow, Michal"]
[Result "0-1"]
[WhiteElo "2470"]
[BlackElo "2656"]
[PlyCount "82"]
[EventDate "2010.01.31"]
[EventType "swiss (rapid)"]
[EventCountry "ESP"]
[Source "lmi"]
[SourceDate "2010.01.31"]

1. d4 Nf6 2. c4 g6 3. Nc3 d5 4. cxd5 Nxd5 5. e4 Nxc3 6. bxc3 Bg7 7. Nf3 c5 8.
Rb1 O-O 9. Be2 b6 10. Be3 Bb7 11. e5 cxd4 12. cxd4 Be4 13. Rb2 Nc6 14. h4 f6
15. Rd2 Qd5 16. h5 g5 17. h6 Bh8 18. O-O Na5 19. Bxg5 fxg5 20. Nxg5 Rac8 21.
Nxe4 Qxe4 22. Rd3 Rf4 23. Re3 Qc2 24. Rg3+ Kf8 25. Qe1 Rh4 26. Bd3 Qc6 27. Rf3+
Ke8 28. e6 Rxh6 29. Re3 Bxd4 30. Re4 Qd5 31. Qe2 Rc5 32. Qg4 Rg6 33. Qh3 Rg7
34. Rh4 Kd8 35. Rxh7 Rxh7 36. Qxh7 Qxe6 37. Rd1 Re5 38. Bf1 Nc6 39. Qc2 Re1 40.
Rxe1 Qxe1 41. Qd1 Nb8 0-1

[Event "20. Abierto Ciudad de Jaén"]
[Site "Jaén ESP"]
[Date "2010.01.31"]
[Round "5.6"]
[White "Agrest, Evgenij"]
[Black "Razmyslov, Alexander"]
[Result "0-1"]
[WhiteElo "2585"]
[BlackElo "2429"]
[PlyCount "79"]
[EventDate "2010.01.31"]
[EventType "swiss (rapid)"]
[EventCountry "ESP"]
[Source "lmi"]
[SourceDate "2010.01.31"]

1. c4 c5 2. Nf3 Nc6 3. d4 cxd4 4. Nxd4 g6 5. e4 Bg7 6. Nc2 d6 7. Be2 Bd7 8. O-O
Rc8 9. Ne3 Nd4 10. Bd3 e6 11. Nc3 Ne7 12. a4 a6 13. b3 b5 14. axb5 axb5 15. Bd2
O-O 16. cxb5 Rb8 17. Ra6 Nxb5 18. Nxb5 Bxb5 19. Bxb5 Rxb5 20. Bc1 Qb8 21. Ba3
Nc8 22. b4 d5 23. exd5 exd5 24. Qd3 d4 25. Nc4 Ne7 26. Nd6 Rd5 27. b5 Rd8 28.
Ne4 Rh5 29. g3 Nd5 30. Qc4 Qe5 31. Nd6 Bf8 32. Nb7 Rb8 33. Bxf8 Rxf8 34. b6 Qf5
35. h4 Rxh4 36. gxh4 Qg4+ 37. Kh1 Qf3+ 38. Kh2 Nf4 39. Qb4 Ra8 40. Raa1 0-1

[Event "20. Abierto Ciudad de Jaén"]
[Site "Jaén ESP"]
[Date "2010.01.31"]
[Round "5.7"]
[White "Roa Alonso, Santiago"]
[Black "Korneev, Oleg"]
[Result "1/2-1/2"]
[WhiteElo "2422"]
[BlackElo "2573"]
[PlyCount "55"]
[EventDate "2010.01.31"]
[EventType "swiss (rapid)"]
[EventCountry "ESP"]
[Source "lmi"]
[SourceDate "2010.01.31"]

1. d4 d5 2. c4 e6 3. Nc3 c6 4. cxd5 exd5 5. Bf4 Bd6 6. Bxd6 Qxd6 7. e3 Ne7 8.
Nge2 Bf5 9. Ng3 Bg6 10. Bd3 Nd7 11. O-O Bxd3 12. Qxd3 Qg6 13. Qxg6 hxg6 14. e4
Nf8 15. exd5 Nxd5 16. Nge4 O-O-O 17. Ng5 Rd7 18. Nxd5 cxd5 19. Rfe1 Kd8 20. g3
f6 21. Ne6+ Nxe6 22. Rxe6 Re7 23. Rd6+ Rd7 24. Re6 Re7 25. Re3 Rd7 26. Re7 a6
27. Rae1 g5 28. Ra1 1/2-1/2

[Event "20. Abierto Ciudad de Jaén"]
[Site "Jaén ESP"]
[Date "2010.01.31"]
[Round "5.8"]
[White "Matamoros Franco, Carlos S"]
[Black "Barria Zuñiga, Daniel"]
[Result "1-0"]
[WhiteElo "2541"]
[BlackElo "2430"]
[PlyCount "95"]
[EventDate "2010.01.31"]
[EventType "swiss (rapid)"]
[EventCountry "ESP"]
[Source "lmi"]
[SourceDate "2010.01.31"]

1. c4 e6 2. g3 d5 3. Bg2 c6 4. Nf3 dxc4 5. O-O b5 6. a4 Bb7 7. d3 cxd3 8. Ne5
a6 9. Nc3 Bd6 10. Nxd3 Nf6 11. axb5 axb5 12. Rxa8 Bxa8 13. Nxb5 cxb5 14. Bxa8
O-O 15. Qb3 Qa5 16. Bg2 Rc8 17. Rd1 Nbd7 18. Bd2 Qa4 19. Qxa4 bxa4 20. Rc1
Rxc1+ 21. Bxc1 Nb6 22. Bc6 Nfd5 23. e4 Nb4 24. Nxb4 Bxb4 25. Kf1 Kf8 26. Ke2
Ke7 27. e5 f6 28. f4 Bc5 29. exf6+ Kxf6 30. Kd3 h5 31. Ke4 g6 32. Be8 Bf2 33.
Bd2 Kg7 34. Ba5 Nc4 35. Bc3+ Kh6 36. Bxa4 Bg1 37. h3 Bh2 38. Kf3 h4 39. Bb3 Nd6
40. g4 g5 41. fxg5+ Kxg5 42. Bxe6 Nb5 43. Bh8 Bd6 44. Bc4 Na7 45. Ke4 Be7 46.
Bc3 Nc6 47. Bf7 Bf6 48. Bd2# 1-0

[Event "20. Abierto Ciudad de Jaén"]
[Site "Jaén ESP"]
[Date "2010.01.31"]
[Round "5.9"]
[White "Romero Berruezo, Francisco"]
[Black "Rizouk, Aimen"]
[Result "0-1"]
[WhiteElo "2162"]
[BlackElo "2500"]
[PlyCount "74"]
[EventDate "2010.01.31"]
[EventType "swiss (rapid)"]
[EventCountry "ESP"]
[Source "lmi"]
[SourceDate "2010.01.31"]

1. Nf3 Nf6 2. c4 e6 3. g3 d5 4. d4 Be7 5. Bg2 O-O 6. O-O dxc4 7. Qc2 a6 8. Qxc4
b5 9. Qc2 Bb7 10. Bd2 Bd6 11. Rd1 Nbd7 12. Ba5 Rc8 13. Nbd2 Qe7 14. a4 c5 15.
axb5 axb5 16. dxc5 Nxc5 17. Qb1 Bd5 18. Bc3 Nfe4 19. Nd4 Nxd2 20. Rxd2 Bxg2 21.
Kxg2 b4 22. Bxb4 Qb7+ 23. Nf3 Nb3 24. Bxd6 Nxd2 25. Qe1 Nxf3 26. exf3 Rfd8 27.
Be5 f6 28. Bc3 e5 29. Qe3 Qd5 30. h4 Re8 31. Ra5 Qc6 32. h5 h6 33. Qe2 e4 34.
Ra7 Qc5 35. Ra5 Qb6 36. Rf5 e3 37. Qd1 Qd8 0-1

[Event "20. Abierto Ciudad de Jaén"]
[Site "Jaén ESP"]
[Date "2010.01.31"]
[Round "6.1"]
[White "Rizouk, Aimen"]
[Black "Granero Roca, Antonio"]
[Result "0-1"]
[WhiteElo "2500"]
[BlackElo "2450"]
[PlyCount "78"]
[EventDate "2010.01.31"]
[EventType "swiss (rapid)"]
[EventCountry "ESP"]
[Source "lmi"]
[SourceDate "2010.01.31"]

1. e4 c5 2. Nf3 Nc6 3. Bb5 d6 4. O-O Bd7 5. Re1 a6 6. Bxc6 Bxc6 7. d4 cxd4 8.
Qxd4 Nf6 9. Bg5 e6 10. c4 Be7 11. Nc3 h6 12. Bh4 O-O 13. Rad1 Qa5 14. Qd2 Qh5
15. Nd5 Nxd5 16. exd5 Bxh4 17. dxc6 bxc6 18. Qxd6 Bf6 19. b3 Qa5 20. Qxc6 Qxa2
21. Rd3 Rfc8 22. Qe4 Rab8 23. Qe2 Qa3 24. Qc2 Rb7 25. h4 Rcb8 26. Ree3 Qc5 27.
g3 a5 28. Nd2 Bd4 29. Ne4 Qb6 30. c5 Qb4 31. Re2 Rc7 32. Qc1 f5 33. Qd1 e5 34.
Nd6 Rf8 35. Nc4 Rxc5 36. Ra2 f4 37. Ra4 Qb7 38. Nxa5 Qc7 39. Ra1 Ra8 0-1

[Event "20. Abierto Ciudad de Jaén"]
[Site "Jaén ESP"]
[Date "2010.01.31"]
[Round "6.2"]
[White "Kovacevic, Slobodan"]
[Black "Vazquez Igarza, Renier"]
[Result "1/2-1/2"]
[WhiteElo "2379"]
[BlackElo "2560"]
[PlyCount "46"]
[EventDate "2010.01.31"]
[EventType "swiss (rapid)"]
[EventCountry "ESP"]
[Source "lmi"]
[SourceDate "2010.01.31"]

1. d4 d5 2. Bf4 Nf6 3. e3 c5 4. c3 Nc6 5. Nd2 cxd4 6. exd4 Bf5 7. Ngf3 e6 8.
Qb3 Qc8 9. Be2 Be7 10. O-O O-O 11. h3 h6 12. Ne5 Nxe5 13. Bxe5 Qd7 14. Bb5 Qd8
15. a4 Bd6 16. Nf3 Ne4 17. Rfe1 Qc7 18. Qd1 Bh7 19. Bd3 Rae8 20. Qc2 Bxe5 21.
Nxe5 f6 22. Nf3 Kh8 23. Nd2 Ng5 1/2-1/2